000 00704nam a2200193 a 4500
001 000022095
005 20200930011559.0
008 100916s1986 cu r 000 j spa d
040 _aDO-SdBNP
_bspa
_cBNPHU
082 _a863.6
_bA996b
100 1 _aAzorín,
_d1873-1967.
_95278
245 1 0 _aBlanco en azul :
_by otros cuentos /
_cJosé Martínez Ruiz ; edición Dania Pérez Rubio ; prólogo Jesús Abascal López.
260 _aCiudad de La Habana :
_bArte y Literatura,
_c1986.
300 _a398, [4] p. ;
_c20 cm.
650 4 _aCuentos españoles
_93194
650 4 _aLiteratura española
_ySIGLO XX
_93326
700 1 _aPérez Rubio, Dania
_eed.
_95482
700 1 _aAbascal López, Jesús
_epról.
_945784
999 _c21593
_d21593